000 00772cam a2200229 a 4500
001 2979885
005 20180201035259.0
008 920122s1994 nyua b 001 0 eng
010 _a 92050027
020 _a0312047657
040 _aDLC
_cDLC
_dDLC
041 _aeng
080 _a372.414 S
082 0 0 _a372.414 SHE
_220
100 1 _a46
101 _aEDU
245 1 0 _aLinking reading assessment to instruction :
_cArleen P. Shearer, Susan P. Homan.
504 _aIncludes bibliographical references (p. 253-254) and index.
906 _a7
_bcbc
_corignew
_d2
_eocip
_f19
_gy-gencatlg
942 _2ddc
_cBK
999 _c41466
_d41466